| 000 | 01449nam a2200337 i 4500 | ||
|---|---|---|---|
| 001 | 61590 | ||
| 003 | ES-MaACL | ||
| 005 | 20250824063034.0 | ||
| 007 | t| | ||
| 008 | 031112e1970 sp a||||rc s00110dspa | ||
| 017 |
_aGR 300-1970 _bOficina Depósito Legal Granada |
||
| 040 | _cES-MaACL | ||
| 080 | _a75(460):061.43(460.357 G.)"1970" | ||
| 080 | _a73(460):061.43(460.357 G.)"1970" | ||
| 080 | _a76(460):061.43(460.357 G.)"1970" | ||
| 111 | 2 |
_aExposición Antológica de Artistas Premiados _d(1970. _cMadrid) _9242005 |
|
| 245 | 0 | 0 |
_aExposición Antológica de Artistas Premiados, 1957-1970 : _bpintura, escultura, grabado, Madrid, octubre 1970 |
| 260 |
_a[Granada : _bs.n., _c1970] |
||
| 300 |
_a52 hojas : _bilustraciones ; _c25 cm |
||
| 594 | _aPrecede al título: Ministerio de Educación y Ciencia. Dirección General de Bellas Artes. Comisaría de Exposiciones. Fundación Rodríguez-Acosta | ||
| 650 | 4 |
_aPintura española- _yS.XX- _vExposiciones _916043 |
|
| 650 | 4 |
_aEscultura española- _yS.XX- _vExposiciones _912438 |
|
| 650 | 4 |
_aGrabado español- _yS.XX- _vExposiciones _9162661 |
|
| 655 | 7 |
_aCatálogos de exposiciones _2tgfbne _9193628 |
|
| 710 | 1 |
_aEspaña. _bComisaría General de Exposiciones _eisb _93633 |
|
| 710 | 2 |
_aFundación Rodríguez-Acosta _eisb _94407 |
|
| 852 | 4 |
_aES-MaACL _bR.75697 _cDEPO2 _jC-41272 |
|
| 942 |
_cMONOGRAFIA _n0 |
||
| 999 |
_c61590 _d61590 |
||